| 000 | 00877nam a2200205 a 4500 | ||
|---|---|---|---|
| 003 | 0 | ||
| 005 | 20250519101352.0 | ||
| 008 | 080526s19uu xx 00 eng d | ||
| 050 |
_aPHS LC 268 _b.T36 2003 |
||
| 100 | _aTamayo, Jonathan Scott S. | ||
| 245 |
_aA Comparative study on the effects of rock and rap music on the speech of 4th year high school students of Southville International School & Colleges and University of Perpetual Help Rizal / _cJonathan Scott S. Tamayo. |
||
| 260 |
_aLas PiƱas City, Philippines : _bSouthville International School and Colleges, _c2003. |
||
| 300 |
_aunnumbered pages : _billustrations ; _c28 cm. |
||
| 504 | _aIncludes bibliographical references. | ||
| 650 |
_aMusic _xPsychological aspects. |
||
| 650 |
_aRock music _xInfluence. |
||
| 650 |
_aRap (Music) _xInfluence. _z. |
||
| 650 |
_aSpeech _xEffect of music on. |
||
| 942 |
_2lcc _cPASS |
||
| 999 |
_c96944 _d96944 |
||